00901cam a22002771 4500001001300000003000400013005001700017008004100034010001700075015001900092035001900111040002500130042001200155050002300167082001300190100002500203245005600228260003500284300001400319500012800333504003100461650003500492710003600527710004300563999001700606sa 66006636 DLC20260227112257.0740925s1966 ii b 000 0 eng  asa 66006636  aPL480:I-E-6414 a(OCoLC)1020860 aDLCcOTUdOCoLCdDLC apremarc00aKNS1760b.G46 1966 a342.54091 aGhosh, Pratap Kumar.14aThe Constitution of India:bhow it has been framed. aCalcutta,bWorld Press,c1966. ax, 427 p. aContains the first 17 amendment acts to the Constitution, 1951-1964, other legislation, and related statements: p. 343-415. aBibliographical footnotes. 0aConstitutional historyzIndia.1 aIndia (Republic)tConstitution.1 aIndia (Republic)tLaws, statutes, etc. c70607d70607